Sistemas públicos contra la violencia doméstica en América Latina: un estudio regional comparado. Primera parte: Estudio de casos /
সংরক্ষণ করুন:
| প্রধান লেখক: | |
|---|---|
| সংস্থা লেখক: | |
| অন্যান্য লেখক: | , , , |
| বিন্যাস: | অজ্ঞাত |
| প্রকাশিত: |
San José:
GESO
|
| ট্যাগগুলো: |
ট্যাগ যুক্ত করুন
কোনো ট্যাগ নেই, প্রথমজন হিসাবে ট্যাগ করুন!
|
MARC
| LEADER | 00000 a2200000 04500 | ||
|---|---|---|---|
| 001 | 18428 | ||
| 003 | |||
| 008 | 991231s d | ||
| 040 | |a CRAI/IIS |c CRAI/IIS | ||
| 090 | |a 143101 | ||
| 100 | |a García, Ana Isabel | ||
| 110 | |a Fundación Género y Sociedad (CR) | ||
| 245 | |a Sistemas públicos contra la violencia doméstica en América Latina: un estudio regional comparado. Primera parte: Estudio de casos / |c Ana Isabel García | ||
| 260 | |a San José: |b GESO | ||
| 300 | |a 309 p. | ||
| 700 | |a Gomáriz Moraga, Enrique | ||
| 700 | |a Hidalgo, Ana Lorena | ||
| 700 | |a Ramellini Centella, Teresita | ||
| 700 | |a Manuel Antonio Barahona Montero | ||
| 999 | |c 17074 |d 17074 | ||
